Archivo de planos del Servicio Geográfico del Ejército (Record no. 65765)

MARC details
000 -LEADER
campo de control de longitud fija 01004nam a2200217 i 4500
001 - NÚMERO DE CONTROL
campo de control 65765
003 - IDENTIFICADOR DE NÚMERO DE CONTROL
campo de control ES-MaACL
005 - FECHA Y HORA DE LA ÚLTIMA TRANSACCIÓN
campo de control 20250814071832.0
007 - CAMPO FIJO DE DESCRIPCIÓN FÍSICA--INFORMACIÓN GENERAL
campo de control de longitud fija t|
008 - DATOS DE LONGITUD FIJA--INFORMACIÓN GENERAL
campo de control de longitud fija 040121s1972 sp ||||1| spa d
110 2# - ENTRADA PRINCIPAL--NOMBRE DE ENTIDAD CORPORATIVA
Nombre de entidad corporativa o nombre de jurisdicción como elemento de entrada Instituto de Geografía Aplicada
9 (RLIN) 4949
245 10 - MENCIÓN DEL TÍTULO
Título Archivo de planos del Servicio Geográfico del Ejército
Resto del título : catálogo de mapas. Castilla la Nueva : mapas generales. Madrid: capital y provincia : siglos XVII a XIX /
Mención de responsabilidad, etc. Instituto de Geografía Aplicada.
260 ## - PUBLICACIÓN, DISTRIBUCIÓN, ETC.
Lugar de publicación, distribución, etc. Madrid :
Nombre del editor, distribuidor, etc. Instituto de Geografía Aplicada. Consejo Superior de Investigaciones Científicas,
Fecha de publicación, distribución, etc. 1972.
300 ## - DESCRIPCIÓN FÍSICA
Extensión XXI, 193 p. ;
Dimensiones 26 cm.
490 1# - MENCIÓN DE SERIE
Mención de serie Fuentes Cartográficas Españolas ;
Designación de volumen o secuencia 1
610 24 - PUNTO DE ACCESO ADICIONAL DE MATERIA--NOMBRE DE ENTIDAD CORPORATIVA
Nombre de entidad corporativa o nombre de jurisdicción como elemento de entrada España.
Unidad subordinada Servicio Geográfico del Ejército.
-- Archivo de Planos-
Subdivisión de forma Catálogos.
9 (RLIN) 158150
651 #4 - PUNTO DE ACCESO ADICIONAL DE MATERIA--NOMBRE GEOGRÁFICO
Nombre geográfico Castilla la Nueva-
Subdivisión de forma Mapas-
-- Bibliografías.
9 (RLIN) 158151
830 0# - PUNTO DE ACCESO ADICIONAL DE SERIE-TÍTULO UNIFORME
Título uniforme Fuentes Cartográficas Españolas ;
Designación de volumen o secuencia 1
9 (RLIN) 230765
852 ## - LOCALIZACIÓN
Ubicación ES-MaACL
Número de control de estantería P-1525
Sublocalización o colección R.84254
Holdings
Estatus retirado Estado de pérdida Estado de daño No para préstamo Biblioteca de origen Biblioteca actual Ubicación en estantería Fecha de adquisición Fuente de adquisición Total de préstamos Signatura topográfica completa Código de barras Visto por última vez Precio de reemplazo Tipo de ítem Koha
        Biblioteca del Ateneo de Madrid Biblioteca del Ateneo de Madrid Depósito 2 17/01/2008     P-1525 1068897 23/02/2023 23/02/2023 Libro impreso